| 000 | 00452cam a2200169ua 4500 | ||
|---|---|---|---|
| 020 | _c2.50 | ||
| 041 |
_aben _h |
||
| 082 |
_a923.6 _bPAR/JA |
||
| 100 | _aParvate, T.V . | ||
| 245 |
_aJamnlal Bajaj (Brief history of his life and his character) / _cT.V Parvathe. _hTextual Documents |
||
| 260 |
_aAhmadabad : _bNavajivan publishing house , _c1962. |
||
| 300 | _a176 ; . | ||
| 365 | _a2.50 | ||
| 504 | _a | ||
| 942 | _cBK | ||
| 999 |
_c5779 _d5779 |
||